Govt. of
Madhya Pradesh

Normal view MARC view

Entry Topical Term

Number of records used in: 0

001 - CONTROL NUMBER

  • control field: 73032

003 - CONTROL NUMBER IDENTIFIER

  • control field: OSt

005 - DATE AND TIME OF LATEST TRANSACTION

  • control field: 20181013131020.0

008 - FIXED-LENGTH DATA ELEMENTS

  • fixed length control field: 181013|| aca||aabn | a|a d

040 ## - CATALOGING SOURCE

  • Original cataloging agency: OSt
  • Transcribing agency: OSt

150 ## - HEADING--TOPICAL TERM

  • Topical term or geographic name entry element: सामान्‍य अंग्रेजी

670 ## - SOURCE DATA FOUND

  • Source citation: Work cat.: (OSt): गौतम ,शैफाली 73031, BNB सामान्‍य अंग्रेजी सभ्‍ाी प्रतियाेगी परीक्षाआें के लिए उपयाेगी, 2017